000
00282nam a2200121Ia 4500
008
191201s2013 xx 000 0 und d
100
_a
KUMAR,Rajiv
245
0
_a
Applied Mathematics-I
260
_a
N. delhi
_b
Suhavi Pub
_c
2013
300
_a
NULL
650
_a
Applied
942
_2
ddc
_c
BK
999
_c
469
_d
469